Organizations - Statistics

General Stats
  • This quiz has been taken 29 times
  • The average score is 11 of 17
Answer Stats
Picture Hint Answer % Correct
EU
100%
NATO
93%
Europol
89%
Unicef
89%
United Nations
89%
FAO
85%
IMO
85%
Unesco
85%
IAO
81%
OSCE
81%
EPA
78%
OECD
78%
WHO
41%
WWF
33%
Union for the M....... Mediterranean
15%
Eurocontrol
4%
Europarat
0%
No matching quizzes found
Score Distribution
Percent of People with Each Score
Percentile by Number Answered
Your Score History
You have not taken this quiz